[Event "Voronezh op-B 19th"]
[Site "Voronezh"]
[Date "2015.06.15"]
[Round "4"]
[White "Shelushpanov, Nikolai"]
[Black "Volkov, Kirill"]
[Result "1/2-1/2"]
[WhiteElo "1365"]
[BlackElo "1788"]
[PlyCount "82"]
[EventDate "2015.06.12"]
[EventType "swiss"]
[EventRounds "9"]
[EventCountry "RUS"]
[SourceTitle "CBM 167 Extra"]
[Source "ChessBase"]
[SourceDate "2015.09.14"]
[SourceVersion "1"]
[SourceVersionDate "2015.09.14"]
[SourceQuality "1"]

1. e4 c5 2. Nf3 e6 3. c3 d5 4. exd5 exd5 5. d4 Nc6 6. Be2 Nf6 7. Be3 Qb6 8. b3 Bf5 9. 0-0 Bd6 10. Bd3 Be6 11. Bc2 Bg4 12. dxc5 Bxc5 13. Bxc5 Qxc5 14. Re1+ Ne7 15. Qd4 Qd6 16. Nbd2 0-0 17. Ne4 Nxe4 18. Bxe4 Bf5 19. Rad1 Rfd8 20. Bxd5 Nxd5 21. c4 Be6 22. Ng5 Rac8 23. cxd5 Qxd5 24. Nxe6 fxe6 25. Qxd5 Rxd5 26. Kf1 Kf7 27. Rc1 Rdc5 28. Rxc5 Rxc5 29. Rd1 Ke7 30. Rd2 Rd5 31. Rxd5 exd5 32. Ke2 Kd6 33. Kd3 Kc5 34. a3 a5 35. h4 Kd6 36. Kd4 Ke6 37. g4 h6 38. h5 Kf6 39. f4 Ke6 40. b4 axb4 41. axb4 Kd6 1/2-1/2

[Event "Voronezh Winter Rating op"]
[Site "Voronezh"]
[Date "2015.01.27"]
[Round "7"]
[White "Volkov, Kirill"]
[Black "Kholodov, Vladimir"]
[Result "0-1"]
[WhiteElo "1671"]
[BlackElo "2002"]
[PlyCount "92"]
[EventDate "2015.01.17"]
[EventType "swiss"]
[EventRounds "9"]
[EventCountry "RUS"]
[SourceTitle "EXT 2017"]
[Source "ChessBase"]
[SourceDate "2016.10.25"]
[SourceVersion "1"]
[SourceVersionDate "2016.10.25"]
[SourceQuality "1"]

1. e4 c5 2. Nc3 Nc6 3. g3 g6 4. Bg2 Bg7 5. d3 d6 6. f4 Nf6 7. Nf3 Qb6 8. h3 0-0 9. g4 e6 10. Qe2 Nd7 11. h4 Nd4 12. Qf2 Nxf3+ 13. Qxf3 f5 14. gxf5 exf5 15. Nd5 Qd8 16. h5 Nf6 17. hxg6 hxg6 18. exf5 Bxf5 19. Be3 Ng4 20. 0-0-0 Nxe3 21. Qxe3 Re8 22. Qg3 Qd7 23. Bh3 Qf7 24. Qg2 Be6 25. Bxe6 Rxe6 26. Rdf1 Rae8 27. Qf3 Qf5 28. c3 c4 29. Rd1 cxd3 30. Qxd3 Re4 31. Rh2 a6 32. Nc7 Qxf4+ 33. Rhd2 R8e5 34. Qxd6 Re2 35. Qd8+ Kh7 36. Qd3 Bh6 37. Kc2 Rxd2+ 38. Rxd2 Qxd2+ 39. Qxd2 Bxd2 40. Kxd2 g5 41. c4 g4 42. Nd5 Kg6 43. b4 Kg5 44. a4 Kh4 45. Nf4 Re4 46. Ne2 Rxc4 0-1

[Event "Voronezh Winter Rating op"]
[Site "Voronezh"]
[Date "2015.01.18"]
[Round "2"]
[White "Volkov, Kirill"]
[Black "Polyansky, Viktor"]
[Result "1/2-1/2"]
[WhiteElo "1671"]
[BlackElo "1917"]
[PlyCount "37"]
[EventDate "2015.01.17"]
[EventType "swiss"]
[EventRounds "9"]
[EventCountry "RUS"]
[SourceTitle "EXT 2017"]
[Source "ChessBase"]
[SourceDate "2016.10.25"]
[SourceVersion "1"]
[SourceVersionDate "2016.10.25"]
[SourceQuality "1"]

1. e4 c5 2. Nc3 Nc6 3. g3 g6 4. Bg2 Bg7 5. d3 e5 6. f4 d6 7. Nf3 Bg4 8. h3 Bxf3 9. Qxf3 Nd4 10. Qf2 Ne7 11. 0-0 0-0 12. f5 f6 13. h4 b5 14. g4 b4 15. Nd1 a5 16. c3 Nb5 17. Qc2 Rb8 18. Bd2 d5 19. g5 1/2-1/2

[Event "Voronezh op-B 18th"]
[Site "Voronezh"]
[Date "2014.06.18"]
[Round "7"]
[White "Leun, Victor"]
[Black "Volkov, Kirill"]
[Result "1/2-1/2"]
[WhiteElo "1843"]
[BlackElo "1684"]
[PlyCount "97"]
[EventDate "2014.06.12"]
[EventType "swiss"]
[EventRounds "9"]
[EventCountry "RUS"]
[SourceTitle "EXT 2015"]
[Source "ChessBase"]
[SourceDate "2014.11.20"]
[SourceVersion "1"]
[SourceVersionDate "2014.11.20"]
[SourceQuality "1"]

1. e4 c5 2. Nf3 e6 3. d4 cxd4 4. Nxd4 a6 5. Nc3 b5 6. Bd3 Bb7 7. 0-0 Qc7 8. Re1 d6 9. Qh5 Nf6 10. Qg5 h6 11. Qg3 Nbd7 12. f4 Be7 13. f5 e5 14. Nb3 b4 15. Nd1 a5 16. a4 bxa3 17. bxa3 a4 18. Nd2 Nh5 19. Qf3 Nf4 20. Nc4 Nxd3 21. cxd3 Ba6 22. Nde3 Nc5 23. Nd5 Qa7 24. Be3 Bxc4 25. dxc4 Bg5 26. Bxg5 hxg5 27. Kh1 Nb3 28. Rad1 Qc5 29. f6 g6 30. Qe3 Rc8 31. Qxg5 Qxa3 32. Qe3 Qc5 33. Nb6 Rc6 34. Nxa4 Qxe3 35. Rxe3 Na5 36. c5 dxc5 37. Red3 0-0 38. Rd5 Nb3 39. Rxe5 c4 40. Nc3 Rxf6 41. Kg1 Kg7 42. Re7 Rc8 43. Rdd7 Ra8 44. h3 Nc5 45. Rc7 Ra1+ 46. Kh2 Ne6 47. Nd5 Nxc7 48. Nxf6 Kxf6 49. Rxc7 1/2-1/2

[Event "Voronezh Rating op 03-B"]
[Site "Voronezh"]
[Date "2014.03.25"]
[Round "4"]
[White "Volkov, Kirill"]
[Black "Lanevsky, Vlad"]
[Result "1/2-1/2"]
[WhiteElo "1661"]
[BlackElo "1719"]
[PlyCount "49"]
[EventDate "2014.03.20"]
[EventType "swiss"]
[EventRounds "9"]
[EventCountry "RUS"]
[SourceTitle "EXT 2015"]
[Source "ChessBase"]
[SourceDate "2014.11.20"]
[SourceVersion "1"]
[SourceVersionDate "2014.11.20"]
[SourceQuality "1"]

1. e4 e6 2. d4 d5 3. e5 c5 4. c3 Nc6 5. Nf3 Qb6 6. Bd3 Bd7 7. Bc2 f6 8. 0-0 fxe5 9. dxe5 0-0-0 10. Re1 h6 11. a3 g5 12. b4 Be7 13. h3 Rf8 14. Be3 h5 15. Nxg5 d4 16. bxc5 Qd8 17. Nxe6 Bxe6 18. cxd4 Bg5 19. d5 Bxe3 20. Rxe3 Bxd5 21. Rd3 Nge7 22. Nc3 Nxe5 23. Nxd5 Nxd3 24. Nxe7+ Qxe7 25. Bxd3 1/2-1/2

[Event "Voronezh Rating op 10"]
[Site "Voronezh"]
[Date "2013.10.09"]
[Round "7"]
[White "Chupakhin, Alexey"]
[Black "Volkov, Kirill"]
[Result "0-1"]
[WhiteElo "1702"]
[BlackElo "1672"]
[PlyCount "64"]
[EventDate "2013.10.02"]
[EventType "swiss"]
[EventRounds "7"]
[EventCountry "RUS"]
[SourceTitle "EXT 2015"]
[Source "ChessBase"]
[SourceDate "2014.11.20"]
[SourceVersion "1"]
[SourceVersionDate "2014.11.20"]
[SourceQuality "1"]

1. Nf3 c5 2. c4 Nf6 3. g3 e6 4. Bg2 d5 5. b3 Nc6 6. Bb2 Be7 7. 0-0 0-0 8. e3 Rb8 9. Ne5 Qc7 10. Nxc6 bxc6 11. d3 Rd8 12. Qe2 e5 13. Nc3 Be6 14. Rfd1 h6 15. Rac1 Nh7 16. f4 f6 17. fxe5 fxe5 18. Rf1 Nf6 19. Bf3 Qd7 20. Na4 Bh3 21. Rfd1 Qe6 22. cxd5 cxd5 23. Nxc5 Bxc5 24. Rxc5 e4 25. dxe4 dxe4 26. Rxd8+ Rxd8 27. Bg2 Bg4 28. Qc2 Rd1+ 29. Kf2 Nd5 30. Bxe4 Qf7+ 31. Bf5 Bxf5 32. Qc4 Bd3+ 0-1

[Event "Voronezh Rating op 10"]
[Site "Voronezh"]
[Date "2013.10.06"]
[Round "5"]
[White "Volkov, Kirill"]
[Black "Soboleva, Anastasia"]
[Result "0-1"]
[WhiteElo "1672"]
[BlackElo "1993"]
[PlyCount "74"]
[EventDate "2013.10.02"]
[EventType "swiss"]
[EventRounds "7"]
[EventCountry "RUS"]
[SourceTitle "EXT 2015"]
[Source "ChessBase"]
[SourceDate "2014.11.20"]
[SourceVersion "1"]
[SourceVersionDate "2014.11.20"]
[SourceQuality "1"]

1. e4 c5 2. Nc3 e6 3. g3 d5 4. exd5 exd5 5. Bg2 Nf6 6. d3 Nc6 7. Nge2 Be7 8. 0-0 0-0 9. d4 cxd4 10. Nxd4 Bg4 11. Qd2 Re8 12. h3 Bh5 13. Nf5 Bb4 14. a3 Bxc3 15. Qxc3 Re5 16. g4 Bg6 17. Bf4 Re6 18. Nxg7 Kxg7 19. g5 d4 20. gxf6+ Qxf6 21. Qg3 h6 22. Bd5 Re7 23. Qf3 Kh7 24. Rfe1 Rae8 25. Rxe7 Rxe7 26. Rc1 Bxc2 27. Kh2 d3 28. Be4+ Kh8 29. Rxc2 dxc2 30. Bxc2 Nd4 31. Qg3 Nxc2 32. Bd2 Kh7 33. Bc3 Qg6 34. Qb8 Qg8 35. Qd6 Re8 36. Qd3+ Qg6 37. Qd7 Rg8 0-1

[Event "Voronezh Rating op 10"]
[Site "Voronezh"]
[Date "2013.10.03"]
[Round "2"]
[White "Volkov, Kirill"]
[Black "Sazykina, Julia"]
[Result "1/2-1/2"]
[WhiteElo "1672"]
[BlackElo "1647"]
[PlyCount "36"]
[EventDate "2013.10.02"]
[EventType "swiss"]
[EventRounds "7"]
[EventCountry "RUS"]
[SourceTitle "EXT 2015"]
[Source "ChessBase"]
[SourceDate "2014.11.20"]
[SourceVersion "1"]
[SourceVersionDate "2014.11.20"]
[SourceQuality "1"]

1. e4 e6 2. d4 d5 3. exd5 exd5 4. Nf3 Bd6 5. Bd3 Ne7 6. 0-0 0-0 7. c3 Nbc6 8. Bg5 Re8 9. Nbd2 Bg4 10. Qc2 h6 11. Bh4 Qd7 12. Rfe1 Nf5 13. Rxe8+ Rxe8 14. Bg3 Nxg3 15. hxg3 Bxf3 16. Nxf3 Nd8 17. Re1 Rxe1+ 18. Nxe1 c6 1/2-1/2

[Event "Voronezh Rating op 10"]
[Site "Voronezh"]
[Date "2013.10.02"]
[Round "1"]
[White "Zhileykin, Andrey"]
[Black "Volkov, Kirill"]
[Result "1-0"]
[WhiteElo "1981"]
[BlackElo "1672"]
[PlyCount "75"]
[EventDate "2013.10.02"]
[EventType "swiss"]
[EventRounds "7"]
[EventCountry "RUS"]
[SourceTitle "EXT 2015"]
[Source "ChessBase"]
[SourceDate "2014.11.20"]
[SourceVersion "1"]
[SourceVersionDate "2014.11.20"]
[SourceQuality "1"]

1. d4 Nf6 2. c4 g6 3. Nc3 Bg7 4. e4 d6 5. Be2 0-0 6. Bg5 h6 7. Be3 Nc6 8. h3 e5 9. d5 Ne7 10. g4 Nd7 11. Qd2 Kh7 12. h4 f5 13. f3 f4 14. Bf2 a6 15. Bd3 Nc5 16. Nge2 Bd7 17. Bc2 b6 18. b4 Nb7 19. Ba4 a5 20. a3 Rf7 21. Nc1 Qe8 22. Qd1 Bf8 23. Nd3 Bxa4 24. Nxa4 b5 25. cxb5 Qxb5 26. 0-0 axb4 27. axb4 c6 28. dxc6 Nxc6 29. Nc3 Rxa1 30. Nxb5 Rxd1 31. Rxd1 Rd7 32. Nc5 Re7 33. Nxd6 Nxd6 34. Rxd6 Nxb4 35. Ne6 Rf7 36. Rd7 Kg8 37. Nxf8 Kxf8 38. Bc5+ 1-0

[Event "Anapa op"]
[Site "Anapa"]
[Date "2012.09.02"]
[Round "3"]
[White "Nemtsev, Savely Vladimirovic"]
[Black "Volkov, Kirill"]
[Result "0-1"]
[WhiteElo "2173"]
[BlackElo "1667"]
[PlyCount "48"]
[EventDate "2012.08.30"]
[EventType "swiss"]
[EventRounds "9"]
[EventCountry "RUS"]
[SourceTitle "CBM 150 Extra"]
[Source "ChessBase"]
[SourceDate "2012.10.19"]
[SourceVersion "1"]
[SourceVersionDate "2012.10.19"]
[SourceQuality "1"]

1. e4 c5 2. d4 cxd4 3. c3 dxc3 4. Nxc3 Nc6 5. Nf3 a6 6. Bc4 b5 7. Bb3 e6 8. 0-0 Bb7 9. Qe2 Na5 10. Bc2 d6 11. Rd1 Qc7 12. Be3 Nf6 13. Rac1 Nc4 14. Bb1 Rc8 15. Bg5 Be7 16. b3 Nb6 17. e5 dxe5 18. Nd5 Nbxd5 19. Rxc7 Rxc7 20. Qxe5 0-0 21. Rc1 Rd7 22. Qg3 Nc3 23. Re1 Rfd8 24. Qh4 Nxb1 0-1

[Event "Anapa op"]
[Site "Anapa"]
[Date "2012.09.01"]
[Round "2"]
[White "Volkov, Kirill"]
[Black "Iskhakov, Artur"]
[Result "0-1"]
[WhiteElo "1667"]
[BlackElo "1915"]
[PlyCount "76"]
[EventDate "2012.08.30"]
[EventType "swiss"]
[EventRounds "9"]
[EventCountry "RUS"]
[SourceTitle "CBM 150 Extra"]
[Source "ChessBase"]
[SourceDate "2012.10.19"]
[SourceVersion "1"]
[SourceVersionDate "2012.10.19"]
[SourceQuality "1"]

1. e4 c6 2. d4 d5 3. exd5 cxd5 4. c4 Nf6 5. Nc3 g6 6. Nf3 Bg7 7. Be3 0-0 8. h3 Nc6 9. b3 b6 10. Be2 Bb7 11. 0-0 Rc8 12. Rc1 dxc4 13. d5 Nb8 14. bxc4 Ba6 15. Na4 Ne4 16. Bd4 Bh6 17. Rc2 Nd6 18. Nb2 b5 19. cxb5 Nxb5 20. Rxc8 Qxc8 21. Be3 Bg7 22. Na4 Rd8 23. Nc5 Nc3 24. Bxa6 Nxa6 25. Qc2 Nxc5 26. Rc1 Rxd5 27. Bd2 Ne2+ 28. Kh1 Nxc1 29. Qxc1 Qd7 30. Qa3 Ne4 31. Be3 a5 32. Kg1 Rd1+ 33. Kh2 Qc7+ 34. g3 Nxg3 35. fxg3 Qc2+ 36. Nd2 Rxd2+ 37. Bxd2 Qxd2+ 38. Kg1 Bd4+ 0-1